| 000 | 00000nas 2200000za 4500 |
| 001 | 9.502114 |
| 003 | CaOODSP |
| 005 | 20250611103451 |
| 007 | cr ||||||||||| |
| 008 | 150406d20012002xxc|| p o||||f| |0fre|d |
| 022 | |a1496-970X |
| 040 | |aCaOODSP|bfre |
| 043 | |an-cn--- |
| 086 | 1 |aA27-23F-PDF |
| 245 | 00|aCanada : |bperspectives des cultures spéciales. |
| 264 | 1|aWinnipeg, Manitoba : |bAgriculture et Agroalimentaire Canada |
| 310 | |aMensuel |
| 362 | 1 |aParaît depuis le 4 juin 2001; ne paraît plus après le 8 janvier 2002. |
| 500 | |aY compris: Canada: le bilan des cultures spéciales. |
| 691 | 07|aCultures|2gcpds |
| 691 | 07|aÉconomie agricole|2gcpds |
| 710 | 1 |aCanada. |bAgriculture et agroalimentaire Canada, |eorganisme de publication. |
| 775 | 08|tCanada : |w(CaOODSP)9.505710 |
| 776 | 0#|tCanada : |w(CaOODSP)9.512597 |